Anak burung hantu

Bibliographic Details
Format: Book
Published: Selangor : Penerbitan Gedung Ilmu , 2013
Series:Siri kanak-kanak harmoni
Subjects:

MARC

LEADER 00000cam a2200000 7i4500
001 0000039750
005 20151222.0
008 140105
020 |a 9674170127 
090 0 0 |a JF   |b JAW (1501) 
245 0 0 |a Anak burung hantu 
260 |a Selangor :   |b Penerbitan Gedung Ilmu ,   |c 2013 
440 0 |a Siri kanak-kanak harmoni 
500 |a Children ages 7-9 years old (orange) 
650 0 |a Jawi 
999 |a 0001260333   |b Book   |c Children Collection   |e Cawangan Bandar Penawar 
999 |a 0001260338   |b Book   |c Children Collection   |e Cawangan Tmn. Ungku Tun Aminah 
999 |a 0001261890   |b Book   |c Children Collection   |e Cawangan Mersing 
999 |a 0001261909   |b Book   |c Children Collection   |e Perbadanan Perpustakaan Awam Johor 
999 |a 0001261910   |b Book   |c Children Collection   |e Perbadanan Perpustakaan Awam Johor